Délmagyarország. - 1941. január 29., Szerda
Elmentve itt :
| Dokumentumtípus: | Újság |
|---|---|
| Megjelent: |
1941-01-29
|
| Sorozat: | Délmagyarország
17 No. 23 |
| Online Access: | http://dmarchiv.bibl.u-szeged.hu/9345 |
| LEADER | 00485nas a2200145 i 4500 | ||
|---|---|---|---|
| 001 | delm9345 | ||
| 005 | 20200414154941.0 | ||
| 008 | 171214s1941 hu n o 0|| hun d | ||
| 022 | |a 0133-025X | ||
| 040 | |a SZTE Délmagyarország Archívum |b hun | ||
| 041 | |a hun | ||
| 245 | 0 | 0 | |a Délmagyarország. - 1941. január 29., Szerda |h [elektronikus dokumentum] |
| 260 | |c 1941-01-29 | ||
| 490 | 0 | |a Délmagyarország |v 17 No. 23 | |
| 856 | 4 | 0 | |u http://dmarchiv.bibl.u-szeged.hu/9345/1/dm_1941_023.pdf |z Dokumentum-elérés |